Hồ Chí Minh toàn tập : (1963 - 1965)
Nội dung bộ sách phản ánh sâu sắc quá trình Chủ tịch Hồ Chí Minh tìm đường cứu nước và vạch ra đường lối chiến lược, sách lược cho cách mạng Việt Nam, đồng thời phản ánh quá trình Người cùng với Đảng tổ chức, lãnh đạo cách mạng Vie...
Shranjeno v:
| Glavni avtor: | |
|---|---|
| Format: | Knjiga |
| Jezik: | Undetermined |
| Izdano: |
Hà Nội
Chính trị Quốc gia
1996
|
| Teme: | |
| Oznake: |
Označite
Brez oznak, prvi označite!
|
| Thư viện lưu trữ: | Trung tâm Học liệu Trường Đại học Cần Thơ |
|---|
| LEADER | 01198nam a2200229Ia 4500 | ||
|---|---|---|---|
| 001 | CTU_139913 | ||
| 008 | 210402s9999 xx 000 0 und d | ||
| 082 | |a 335.4346 | ||
| 082 | |b M312/T.11 | ||
| 100 | |a Hồ, Chí Minh | ||
| 245 | 0 | |a Hồ Chí Minh toàn tập : | |
| 245 | 0 | |b (1963 - 1965) | |
| 245 | 0 | |c Hồ Chí Minh ; Ngô Thiếu Hiệu (chủ biên), Đào Thị Diến, Nguyễn Thị Giang | |
| 260 | |a Hà Nội | ||
| 260 | |b Chính trị Quốc gia | ||
| 260 | |c 1996 | ||
| 520 | |a Nội dung bộ sách phản ánh sâu sắc quá trình Chủ tịch Hồ Chí Minh tìm đường cứu nước và vạch ra đường lối chiến lược, sách lược cho cách mạng Việt Nam, đồng thời phản ánh quá trình Người cùng với Đảng tổ chức, lãnh đạo cách mạng Việt Nam đi từ thắng lợi này đến thắng lợi khác | ||
| 650 | |a Ho Chi Minh,Vietnamese literature,Hồ Chí Minh | ||
| 650 | |x Biography,Tiểu sử | ||
| 650 | |y 20th century | ||
| 904 | |i Tuyen | ||
| 980 | |a Trung tâm Học liệu Trường Đại học Cần Thơ | ||